01196pab a2200145 454500008004000000100002000040245005500060260000900115300001400124362000800138520082200146650002600968650001100994773004501005180718b2008 xxu||||| |||| 00| 0 eng d aHall, Jeremy L. aAssessing local capacity for federal grant-getting c2008 ap.463-79. aDec aLocal areas, consisting of governments, special districts, and nonprofits, benefit from the receipt and use of federal funds in support of local programs and projects. This study examines the combined effects of political and administrative capacity factors that influence flows of federal grant funds into local areas. the effects of these capacity dimensions are measured and tested using pooled cross-sectional time-series analysis. The results indicate clearly that institutional measures of capacity must take into account not only political dimensions but also administrative and need/demand dimensions. These results help to explain the disparity observed between high- and low-capacity areas and provide some general lessons for enhancing local grant-getting capacity under differing conditions. - Reproduced. aPublic administration aGrants aAmerican Review of Public Administration